000 01220cam a2200325 a 4500
001 4432509
003 EG-ScBUE
005 20250216100416.0
008 940406s1995 enk f b 001 0 eng d
020 _a9780415104753
020 _a0415104750 (pbk.)
040 _aDLC
_beng
_erda
_cDLC
_dDLC
_dEG-ScBUE
082 0 4 _a327.209
_222
_bHAM
100 1 _aHamilton, Keith,
_d1942-
_eauthor.
245 1 4 _aThe practice of diplomacy :
_bits evolution, theory, and administration /
_cKeith Hamilton and Richard Langhorne.
264 1 _aAbingdon, Oxon ;
_aNew York :
_bRoutledge,
_c1995.
300 _avii, 279 pages ;
_c25 cm
336 _2rdacontent
_atext
_btxt
337 _2rdamedia
_aunmediated
_bn
338 _2rdacarrier
_avolume
_bnc
504 _aIncludes bibliographical references and index.
650 7 _aDiplomacy.
_2BUEsh
655 _vReading book
700 1 _aLanghorne, Richard,
_d1940-
_eauthor.
856 4 2 _3Publisher description
_uhttp://www.loc.gov/catdir/enhancements/fy0648/94015093-d.html
906 _a7
_bcbc
_corignew
_d1
_eocip
_f19
_gy-gencatlg
942 _2ddc
_cBB
999 _c30888
_d30859